000
00303nam a22001337a 4500
999
_c
535299
_d
535299
020
_a
978-81-89922-45-0
040
_c
MSOHAIL
082
_a
622.14
_b
SIN
100
_a
Sateyesh Singh
_9
29782
245
_a
Mine Surveying
260
_a
Venus Books
_b
India
_c
c2014
300
_a
x;302;p
942
_2
ddc
_c
BK